000
00304nam a2200109Ia 4500
008
171211s9999 xx 000 0 und d
245
_a
Storyboards: Motion in Art, Third Edition
245
_c
Mark Simon
260
_c
2006
650
_x
Drawing
856
_u
http://down.ebook777.com/005/978-0240808055.pdf
999
_c
348028
_d
348028